Islands Bigger than 5000 Kilometers - Statistics

General Stats
  • This quiz has been taken 34 times
  • The average score is 45 of 122
Answer Stats
Size Island % Correct
7,591,608 Australia
95%
209,331 Great Britain
89%
2,130,800 Greenland
89%
101,826 Iceland
89%
84,421 Ireland
89%
748,168 Borneo
84%
111,583 North Island
84%
23,949 Sardinia
84%
145,836 South Island
84%
105,806 Cuba
79%
73,929 Hispaniola
79%
11,190 Jamaica
79%
138,794 Java
79%
587,041 Madagascar
79%
785,753 New Guinea
79%
443,065 Sumatra
79%
37,699,623 America
74%
12,272,800 Antarctica
74%
225,800 Honshu
74%
25,711 Sicily
74%
9,251 Cyprus
68%
196,236 Ellesmere Island
68%
78,719 Hokkaido
68%
108,860 Newfoundland
68%
180,681 Sulawesi
68%
217,291 Victoria Island
68%
7,031 Zealand
68%
507,451 Baffin Island
63%
5,416 Bali
63%
8,741 Corsica
63%
8,350 Crete
63%
37,437 Kyushu
63%
79,810,726 Afro-Eurasia
58%
72,493 Sakhalin
58%
65,268 Sri Lanka
58%
34,507 Taiwan
58%
5,009 Trinidad
58%
10,434 Hawai'i
53%
109,965 Luzon
53%
97,530 Mindanao
53%
9,100 Puerto Rico
53%
18,545 Shikoku
53%
65,022 Tasmania
53%
31,285 Vancouver Island
53%
70,028 Banks Island
47%
33,210 Hainan
47%
28,418 Timor
47%
14,154 Flores
42%
35,145 New Britain
42%
49,070 Alexander Island
37%
38,981 Spitsbergen
37%
5,255 Amund Ringnes Island
32%
43,873 Berkner Island
32%
11,295 Ellef Ringnes Island
32%
13,075 Negros
32%
7,405 New Ireland
32%
5,620 Prince Edward Island
32%
47,079 Severny Island
32%
9,318 Bougainville Island
26%
55,247 Devon Island
26%
12,189 Palawan
26%
12,011 Panay
26%
10,531 Viti Levu
26%
33,246 Yuzhny Island
26%
40,100 Marajo
21%
16,648 New Caledonia
21%
7,910 Roosevelt Island
21%
24,786 Somerset Island
21%
41,214 Southampton Island
21%
5,587 Vanua Levu
21%
7,941 Anticosti Island
16%
43,178 Axel Heiberg Island
16%
11,413 Bangka
16%
11,206 Bolshevik Island
16%
8,473 Buru
16%
11,067 Bylot Island
16%
8,500 Carney Island
16%
8,478 Chiloe Island
16%
5,498 Coats Island
16%
7,040 East Falkland
16%
6,361 Graham Island
16%
18,040 Halmahera
16%
47,992 Isla Grande de Tierra del Fuego
16%
24,000 Kotelny Island
16%
7,368 Leyte
16%
42,149 | 5,765 Melville Island
16%
10,572 Mindoro
16%
14,467 Nordaustlandet
16%
14,204 October Revolution Island
16%
9,521 Prince Charles Island
16%
33,339 | 6,675 Prince of Wales Island
16%
15,848 Prince Patrick Island
16%
12,849 Samar
16%
17,454 Seram
16%
6,390 Siple Island
16%
10,711 Sumba
16%
14,386 Sumbawa
16%
15,700 Thurston Island
16%
7,700 Tupinambarana
16%
11,742 Yos Sudarso
16%
20,000 Bananal
11%
16,042 Bathurst Island
11%
10,311 Cape Breton Island
11%
5,073 Edgeoya
11%
5,353 Guadalcanal
11%
9,311 Kodiak Island
11%
8,812 Komsomolets Island
11%
6,201 New Siberia
11%
7,866 Wrangel Island
11%
5,157 Bolshoy Lyakhovsky Island
5%
5,000 Caviana
5%
6,995 Cornwallis Island
5%
8,612 Disko Island
5%
6,617 Kerguelen
5%
5,556 Wellington Island
5%
5,388 Chichagof Island
0%
13,111 King William Island
0%
5,048 Mackenzie King Island
0%
5,110 Riesco Island
0%
5,135 St. Lawrence Island
0%
No matching quizzes found
Score Distribution
Percent of People with Each Score
Percentile by Number Answered
Your Score History
You have not taken this quiz